[Event "Troy (US Am N/6/41)"]
[Site "?"]
[Date "1995.??.??"]
[Round "?"]
[White "Kim, P."]
[Black "Butler, G."]
[Result "1/2-1/2"]
[WhiteElo "1605"]
[BlackElo "1605"]
[PlyCount "111"]
[EventDate "1995.??.??"]

{6/(41)} 1. e4 e5 2. Bc4 Nc6 3. Nc3 Nf6 4. d3 Bb4 5. f4 d6 6. f5 Bd7 7. a3
Bxc3+ 8. bxc3 O-O 9. Bg5 h6 10. Bh4 Na5 11. Bd5 Bc6 12. Bb3 Nxb3 13. cxb3 d5
14. exd5 Bxd5 15. Nf3 Qd6 16. O-O Nh5 17. Re1 Rae8 18. d4 Bxf3 19. Qxf3 Nf6 20.
Rad1 exd4 21. cxd4 Rxe1+ 22. Bxe1 Qxa3 23. Bh4 Qa5 24. h3 Nd5 25. Kh2 Re8 26.
b4 Nxb4 27. Re1 Rxe1 28. Bxe1 c5 29. Qxb7 Qa3 30. Qc8+ Kh7 31. Qf8 Nc2 32. d5
Nxe1 33. Qxf7 Qa2 34. Qg6+ Kg8 35. Qe8+ Kh7 36. Qxe1 Qxd5 37. Qe6 Qd2 38. Qe7
Qf4+ 39. Kg1 Qxf5 40. Qxa7 Qd5 41. Qa5 Qd4+ 42. Kh2 c4 43. Qf5+ Kg8 44. g4 Qd2+
45. Kg3 c3 46. Qe6+ Kh7 47. Qf5+ Kg8 48. Qe6+ Kh7 49. Qf5+ Kg8 50. Qe6+ Kh7 51.
Qf5+ Kg8 52. Qc8+ Kf7 53. Qc4+ Kg6 54. Qc6+ Kf7 55. Qf3+ Kg6 56. Qf5# 1/2-1/2

[Event "Detroit (MI Action/1/23)"]
[Site "?"]
[Date "1995.??.??"]
[Round "?"]
[White "Khraizat, Ali"]
[Black "Ngu, H."]
[Result "1-0"]
[WhiteElo "1605"]
[BlackElo "1605"]
[PlyCount "63"]
[EventDate "1995.??.??"]

{1/(23)} 1. e4 e5 2. Bc4 Nf6 3. d3 Nc6 4. Nf3 Bc5 5. Nc3 Ng4 6. O-O O-O 7. Bg5
Qe8 8. Nd5 a6 9. Nxc7 Nxf2 10. Rxf2 Bxf2+ 11. Kxf2 b5 12. Nxe8 Rxe8 13. Bd5 Bb7
14. Be3 Rab8 15. Ng5 Rf8 16. Qh5 h6 17. Nxf7 Nd8 18. Kg1 Nxf7 19. Bb3 Rbc8 20.
Rf1 d6 21. Rxf7 Rxf7 22. Bxf7+ Kf8 23. Qf5 Rc7 24. Be6+ Ke8 25. Qg6+ Kf8 26.
Bb6 Re7 27. Bd8 Rxe6 28. Qxe6 Bc6 29. Be7+ Ke8 30. Bxd6+ Kd8 31. Qe7+ Kc8 32.
Qc7# 1-0

[Event "Detroit (WCO/4/6)"]
[Site "?"]
[Date "1995.??.??"]
[Round "?"]
[White "Khraizat, Ali"]
[Black "Kane, Paul"]
[Result "0-1"]
[WhiteElo "1605"]
[BlackElo "1605"]
[PlyCount "72"]
[EventDate "1995.??.??"]

{4/(6)} 1. e4 c5 2. Nf3 d6 3. d4 cxd4 4. Nxd4 Nf6 5. Nc3 a6 6. Bd3 b5 7. Be3 e6
8. Qd2 Be7 9. Nce2 Bb7 10. Ng3 Nbd7 11. Nf3 Ng4 12. h3 Nxe3 13. Qxe3 Nc5 14.
O-O O-O 15. Rfd1 Nxd3 16. Rxd3 Rc8 17. c3 Qc7 18. Rad1 Rfd8 19. Ng5 h6 20. Nf3
d5 21. Nd2 Bc5 22. Qe2 dxe4 23. Ndxe4 Rxd3 24. Qxd3 Bb6 25. Qd7 Rd8 26. Qxd8+
Qxd8 27. Rxd8+ Bxd8 28. Nc5 Bc8 29. Ne2 Be7 30. Nd3 f6 31. Ng3 g6 32. f3 f5 33.
Nf1 Bb7 34. Kf2 Bd5 35. Nc1 Bc5+ 36. Ne3 f4 0-1

[Event "Detroit (MI Action/6/8)"]
[Site "?"]
[Date "1995.??.??"]
[Round "?"]
[White "Khraizat, Ali"]
[Black "Gentry, Loyd"]
[Result "1-0"]
[WhiteElo "1605"]
[BlackElo "1610"]
[PlyCount "69"]
[EventDate "1995.??.??"]

{6/(8)} 1. e4 c5 2. Bc4 Nc6 3. Nc3 e6 4. Nf3 b6 5. O-O Bb7 6. d3 Nge7 7. Re1
Ng6 8. Be3 Be7 9. Qd2 O-O 10. Ne2 d5 11. exd5 exd5 12. Bb3 Nge5 13. Nxe5 Nxe5
14. Bf4 Ng6 15. Ng3 Bf6 16. c3 Nh4 17. d4 cxd4 18. cxd4 Bc8 19. Be5 Bg5 20. f4
Be7 21. Qc2 Bb4 22. Re3 Ba6 23. Nh5 f6 24. Bc7 Qd7 25. Qf2 Ng6 26. f5 Ne7 27.
Qf4 Nxf5 28. Qg4 Rac8 29. Rf3 Rxc7 30. Rxf5 Bc4 31. Bxc4 Rxc4 32. Raf1 Rxd4 33.
Qg3 Bc5 34. Kh1 Qxf5 35. Qxg7# 1-0

[Event "Detroit (WCO/1/14)"]
[Site "?"]
[Date "1995.??.??"]
[Round "?"]
[White "Khraizat, Ali"]
[Black "Castro, A."]
[Result "1-0"]
[WhiteElo "1605"]
[BlackElo "1605"]
[PlyCount "25"]
[EventDate "1995.??.??"]

{1/(14)} 1. e4 e5 2. Bc4 Nf6 3. d3 Bc5 4. Bg5 Nc6 5. Nc3 O-O 6. Nd5 Ne7 7.
Nxf6+ Kh8 8. Qh5 gxf6 9. Bxf6+ Kg8 10. Qh6 Nf5 11. exf5 Bb4+ 12. c3 Be7 13.
Qg7# 1-0

[Event "Detroit (MI Action/3/5)"]
[Site "?"]
[Date "1995.??.??"]
[Round "?"]
[White "Khraizat, Ali"]
[Black "Aldrich, Jeff"]
[Result "0-1"]
[WhiteElo "1605"]
[BlackElo "1915"]
[PlyCount "58"]
[EventDate "1995.??.??"]

{3/(5)} 1. e4 c6 2. d4 d5 3. e5 Bf5 4. f4 e6 5. Nf3 Nd7 6. Bd3 Bxd3 7. Qxd3 Ne7
8. Nc3 Nf5 9. g4 Nh4 10. g5 Nf5 11. Ne2 c5 12. c3 cxd4 13. Nexd4 Nxd4 14. Nxd4
Qb6 15. b4 a5 16. Qb5 axb4 17. Qxb6 Nxb6 18. cxb4 Bxb4+ 19. Kd1 Bc3 20. Rb1
Bxd4 21. Bb2 Bc5 22. h4 Rxa2 23. Rh3 Nc4 24. Bc3 b6 25. Bb4 Bxb4 26. Rxb4 Kd7
27. Rc3 Rha8 28. Rd3 Rh2 29. Rxc4 Raa2 0-1

[Event "Troy (US Am N/2/5)"]
[Site "?"]
[Date "1995.??.??"]
[Round "?"]
[White "Key_Smith, G."]
[Black "Yahkind, Alex"]
[Result "0-1"]
[WhiteElo "1745"]
[BlackElo "2080"]
[PlyCount "67"]
[EventDate "1995.??.??"]

{2/(5)} 1. d4 d5 2. c4 e6 3. Nc3 Nf6 4. Bg5 c5 5. Nf3 cxd4 6. Nxd4 dxc4 7. e3
Be7 8. Bxc4 O-O 9. O-O a6 10. Nf3 Qc7 11. Qe2 Nc6 12. Rac1 Rd8 13. a3 Qb8 14.
Ba2 h6 15. Bh4 b6 16. Bb1 Bb7 17. Na4 Nh7 18. Bg3 Bd6 19. Bxd6 Qxd6 20. Rfd1
Qc7 21. b4 Nf6 22. Nb2 Rxd1+ 23. Nxd1 Qd6 24. Nb2 Ne5 25. Nxe5 Qxe5 26. Nd3 Qg5
27. f3 Nd5 28. f4 Qe7 29. Ne5 Rd8 30. Qc2 g6 31. e4 Nxf4 32. Rf1 Rc8 33. Qf2 g5
34. g3 0-1

[Event "Eastpointe (MCO/5/13)"]
[Site "?"]
[Date "1995.??.??"]
[Round "?"]
[White "Key_Smith, G."]
[Black "Kende, M."]
[Result "0-1"]
[WhiteElo "1735"]
[BlackElo "2045"]
[PlyCount "44"]
[EventDate "1995.??.??"]

{5/(13)} 1. d4 f5 2. g3 Nf6 3. Bg2 e6 4. Nf3 d5 5. O-O Bd6 6. c4 c6 7. cxd5
exd5 8. e3 O-O 9. Nc3 Qe7 10. a3 Ne4 11. Qb3 Nd7 12. Bd2 Ndf6 13. Rfd1 Ng4 14.
Be1 Qf7 15. Qc2 Qh5 16. h3 Ngf6 17. b4 f4 18. exf4 Bxh3 19. Bxh3 Qxh3 20. Ng5
Nxg5 21. fxg5 Ng4 22. Qe2 Qh2+ 0-1

[Event "Ann Arbor (MLS Jul/1/6)"]
[Site "?"]
[Date "1995.??.??"]
[Round "?"]
[White "Key_Smith, G."]
[Black "Johnson, C(MI)."]
[Result "1-0"]
[WhiteElo "1745"]
[BlackElo "1605"]
[PlyCount "57"]
[EventDate "1995.??.??"]

{1/(6)} 1. d4 Nf6 2. c4 d5 3. Nc3 Bf5 4. Nf3 a6 5. Qb3 e6 6. Qxb7 Nbd7 7. Bg5
Qb8 8. Qc6 Qxb2 9. Qxa8+ Nb8 10. Rc1 Bd6 11. c5 h6 12. Bd2 Be7 13. e3 O-O 14.
Be2 Ne4 15. Rb1 Qc2 16. Rc1 Qb2 17. O-O Nxd2 18. Nxd2 Qxd2 19. Qb7 Bg5 20. Rfd1
Bxe3 21. fxe3 Qxe3+ 22. Kh1 Qf2 23. Qxc7 Re8 24. Qg3 Qxg2+ 25. Kxg2 Be4+ 26.
Nxe4 dxe4 27. Rg1 Nc6 28. Kh1 e3 29. Qxg7# 1-0

[Event "East Lansing (MOR/4/14)"]
[Site "?"]
[Date "1995.??.??"]
[Round "?"]
[White "Key_Smith, G."]
[Black "Hartwig, Thomas"]
[Result "0-1"]
[WhiteElo "1730"]
[BlackElo "1605"]
[PlyCount "40"]
[EventDate "1995.??.??"]

{4/(14)} 1. d4 d5 2. c4 c6 3. Nf3 Nf6 4. Nc3 dxc4 5. e4 b5 6. e5 Nd5 7. Ne4 Bf5
8. Ng3 Bg6 9. a4 Nb4 10. Ra3 Nc2+ 11. Kd2 Nxd4 12. Nxd4 Qxd4+ 13. Ke1 Qxe5+ 14.
Re3 Qd5 15. Bd2 e6 16. Be2 Bc5 17. Bf3 Qd7 18. Re5 Bd4 19. Rxb5 cxb5 20. Bxa8
Bxb2 {[At this point White castled illegally. 0-1, 25.]} 0-1

[Event "East Lansing (MOR/6/28)"]
[Site "?"]
[Date "1995.??.??"]
[Round "?"]
[White "Key_Smith, G."]
[Black "Cowans, Winston"]
[Result "0-1"]
[WhiteElo "1730"]
[BlackElo "1605"]
[PlyCount "62"]
[EventDate "1995.??.??"]

{6/(28)} 1. d4 d5 2. c4 Nf6 3. Nc3 Bf5 4. e3 Nc6 5. Nge2 e6 6. a3 Be7 7. Ng3
Bg6 8. c5 a5 9. Bb5 O-O 10. O-O Na7 11. Ba4 b6 12. cxb6 cxb6 13. Nge2 Qc7 14.
Nf4 Bd6 15. Nce2 b5 16. Bb3 a4 17. Ba2 Bc2 18. Qe1 g5 19. Nh3 Bxh2+ 20. Kh1 Bd3
21. g3 Bxg3 22. fxg3 Nh5 23. Rg1 Bxe2 24. g4 Bf3+ 25. Rg2 Bxg2+ 26. Kxg2 Nf6
27. Nxg5 Qc2+ 28. Bd2 h6 29. Nf3 Qe4 30. Qh1 Qxg4+ 31. Kf2 Ne4+ 0-1

[Event "Eastpointe (MCO/2/10)"]
[Site "?"]
[Date "1995.??.??"]
[Round "?"]
[White "Key_Smith, G."]
[Black "Clark, K."]
[Result "0-1"]
[WhiteElo "1735"]
[BlackElo "2055"]
[PlyCount "30"]
[EventDate "1995.??.??"]

{2/(10)} 1. d4 Nf6 2. c4 e5 3. dxe5 Ng4 4. Nf3 Nc6 5. e4 Bc5 6. Bg5 Bxf2+ 7.
Kd2 f6 8. exf6 gxf6 9. Bf4 Bb6 10. Nh4 h5 11. Be2 d6 12. h3 Nf2 13. Bxh5+ Kf8
14. Qf3 Nd4 15. Qg3 Nxe4+ 0-1

[Event "East Lansing (MOR/2/5)"]
[Site "?"]
[Date "1995.??.??"]
[Round "?"]
[White "Key_Smith, G."]
[Black "Carroll, R."]
[Result "0-1"]
[WhiteElo "1730"]
[BlackElo "1605"]
[PlyCount "102"]
[EventDate "1995.??.??"]

{2/(5)} 1. d4 Nf6 2. c4 e6 3. Nc3 Bb4 4. Qc2 c5 5. e3 Nc6 6. Nf3 d6 7. Bd2 Bxc3
8. Bxc3 cxd4 9. exd4 Bd7 10. Bd3 Rc8 11. O-O a6 12. Rfe1 d5 13. c5 h5 14. b4
Ne7 15. Qe2 Ng4 16. h3 Qc7 17. hxg4 hxg4 18. Ne5 f6 19. Qxg4 fxe5 20. Qxg7 Rg8
21. Qxe5 Kd8 22. Qxc7+ Kxc7 23. a4 Rcf8 24. b5 axb5 25. axb5 Nf5 26. b6+ Kb8
27. g3 Nxg3 28. fxg3 Rxg3+ 29. Kh2 Rxd3 30. Rac1 Rff3 31. Re2 Rxc3 32. Rxc3
Rxc3 33. Rf2 Rc4 34. Rf7 Bc8 35. Kg3 Rxd4 36. Kf3 Rc4 37. Rc7 e5 38. Ke3 Rh4
39. Re7 Rh6 40. Rxe5 Re6 41. Kd4 Rxe5 42. Kxe5 Bd7 43. Kxd5 Bc6+ 44. Kc4 Kc8
45. Kd4 Kd7 46. Ke5 Bh1 47. Kd4 Kc6 48. Kc4 Bd5+ 49. Kb4 Bg8 50. Ka4 Kxc5 51.
Ka5 Bh7 0-1

[Event "Ann Arbor (MLS Jul/3/6)"]
[Site "?"]
[Date "1995.??.??"]
[Round "?"]
[White "Key_Smith, G."]
[Black "Brotherton, D."]
[Result "1-0"]
[WhiteElo "1745"]
[BlackElo "1605"]
[PlyCount "83"]
[EventDate "1995.??.??"]

{3/(6)} 1. d4 d5 2. c4 e6 3. Nc3 Be7 4. Bf4 Nf6 5. Nf3 O-O 6. Nb5 Bb4+ 7. Nd2
Na6 8. a3 Bxd2+ 9. Qxd2 Ne4 10. Qc1 c6 11. Nc3 f5 12. f3 Nf6 13. e3 Qe7 14. c5
Rd8 15. Bxa6 bxa6 16. Qd2 Ne8 17. O-O Qb7 18. Na2 Nc7 19. Be5 Rd7 20. f4 Rb8
21. b4 Rf7 22. Nc1 Bd7 23. Nd3 Rd8 24. Rf3 Ne8 25. Qf2 Bc8 26. Qh4 Rdd7 27. Rh3
g6 28. Qg5 Rfe7 29. Nf2 Qb5 30. g4 Rb7 31. Rh6 Qe2 32. gxf5 exf5 33. Qg3 Qb2
34. Rf1 Qxa3 35. Nh3 Qxb4 36. Ng5 Qc3 37. Nxh7 Rxe5 38. Nf6+ Kf8 39. fxe5 Nxf6
40. exf6 f4 41. Qxf4 Bf5 42. Rh8+ 1-0

[Event "Troy (US Am N/5/22)"]
[Site "?"]
[Date "1995.??.??"]
[Round "?"]
[White "Key_Smith, G."]
[Black "Bedy, N."]
[Result "1-0"]
[WhiteElo "1745"]
[BlackElo "1605"]
[PlyCount "89"]
[EventDate "1995.??.??"]

{5/(22)} 1. d4 d5 2. c4 Nc6 3. Nc3 dxc4 4. d5 Ne5 5. e4 Nf6 6. f4 Ng6 7. Bxc4
e6 8. Bb5+ Bd7 9. dxe6 fxe6 10. Bxd7+ Qxd7 11. Qxd7+ Nxd7 12. Nf3 Bb4 13. O-O
Bxc3 14. bxc3 O-O-O 15. Be3 Kb8 16. Ng5 Rde8 17. e5 h6 18. Ne4 Nb6 19. Nd2 Ne7
20. c4 Rd8 21. a4 Nf5 22. Kf2 Nxe3 23. Kxe3 Rd7 24. a5 Nc8 25. Rfd1 Ne7 26. Nf3
Rhd8 27. Rd2 Rxd2 28. Nxd2 Nf5+ 29. Ke2 Nd4+ 30. Kf2 a6 31. Ra2 Ka7 32. Ne4 b5
33. axb6+ Kxb6 34. Rb2+ Kc6 35. g4 a5 36. Ke3 a4 37. Nc3 a3 38. Rd2 Kc5 39. Ne2
Nf5+ 40. gxf5 Rxd2 41. Kxd2 a2 42. Nc1 a1=N 43. fxe6 Kc6 44. h4 g6 45. Kc3 1-0

[Event "Troy (US Am N/6/17)"]
[Site "?"]
[Date "1995.??.??"]
[Round "?"]
[White "Key_Smith, G."]
[Black "Aldrich, Justin"]
[Result "1/2-1/2"]
[WhiteElo "1745"]
[BlackElo "1605"]
[PlyCount "55"]
[EventDate "1995.??.??"]

{6/(17)} 1. d4 d5 2. c4 dxc4 3. Nf3 Bg4 4. e3 Nf6 5. Bxc4 e6 6. O-O Nbd7 7.
Nbd2 Nb6 8. Be2 c5 9. dxc5 Bxc5 10. b3 Bb4 11. Ne5 Bxe2 12. Qxe2 Bc3 13. Qb5+
Nfd7 14. Nxd7 Qxd7 15. Qxd7+ Nxd7 16. Rb1 O-O 17. Ne4 Be5 18. Bb2 Rac8 19. Bxe5
Nxe5 20. Nd6 Rc2 21. a4 b6 22. Nb5 a6 23. Nd4 Rc3 24. Ne2 Rc2 25. Nd4 Rc3 26.
Ne2 Rc2 27. Nd4 Rc3 28. Ne2 1/2-1/2

[Event "East Lansing (Class DE/1/13)"]
[Site "?"]
[Date "1995.??.??"]
[Round "?"]
[White "Kenworthy, Matt"]
[Black "Woods, I."]
[Result "1-0"]
[WhiteElo "1605"]
[BlackElo "1605"]
[PlyCount "87"]
[EventDate "1995.??.??"]

{1/(13)} 1. e4 c6 2. d4 d5 3. Nc3 dxe4 4. Nxe4 Nd7 5. Bc4 Ngf6 6. Qf3 Nb6 7.
Nxf6+ gxf6 8. Qd3 Nxc4 9. Qxc4 Be6 10. Qb4 Qc7 11. Ne2 Bd5 12. O-O e5 13. Qc3
Rg8 14. f3 Be7 15. dxe5 Qxe5 16. Qxe5 fxe5 17. Nc3 Bc5+ 18. Kh1 O-O-O 19. Rd1
Bd4 20. Nxd5 Rxd5 21. c3 Bb6 22. Rxd5 cxd5 23. g3 Kd7 24. Kg2 e4 25. fxe4 dxe4
26. Bf4 Bc7 27. Rd1+ Ke6 28. Bxc7 Kf5 29. Rf1+ Ke6 30. Rf4 f5 31. Ba5 h5 32. c4
Rg4 33. Bd2 Ke5 34. Bc3+ Ke6 35. h3 Rxf4 36. gxf4 Kf7 37. Bd4 a6 38. Bb6 Kf6
39. Kg3 Kg7 40. Kh4 Kh6 41. a4 Kg6 42. b4 Kh6 43. b5 axb5 44. cxb5 1-0

[Event "East Lansing (Class DE/4/7)"]
[Site "?"]
[Date "1995.??.??"]
[Round "?"]
[White "Kenworthy, Matt"]
[Black "Silveri, Marco"]
[Result "1-0"]
[WhiteElo "1605"]
[BlackElo "1605"]
[PlyCount "83"]
[EventDate "1995.??.??"]

{4/(7)} 1. e4 b6 2. Nf3 Bb7 3. Nc3 e6 4. d4 c5 5. d5 Nf6 6. dxe6 fxe6 7. Bg5
Be7 8. Bd3 O-O 9. Qd2 Nc6 10. Qe3 a6 11. h3 Qc7 12. O-O d5 13. exd5 exd5 14.
Qe6+ Kh8 15. Bxf6 Bxf6 16. Nxd5 Qf7 17. Qxf7 Rxf7 18. Nxb6 Raf8 19. Nc4 Nd4 20.
Nd6 Nxf3+ 21. gxf3 Rd7 22. Nxb7 Rxb7 23. Rab1 a5 24. b3 Bd4 25. c4 Rxf3 26. Be4
Bxf2+ 27. Rxf2 Rxf2 28. Kxf2 Rf7+ 29. Kg2 Re7 30. Rd1 g6 31. Bf3 Kg7 32. Rd6 a4
33. Rc6 axb3 34. axb3 Rb7 35. Rxg6+ Kxg6 36. Bxb7 Kf6 37. Bc6 Ke5 38. Kg3 Kd4
39. Kg4 Kc3 40. Ba4 Kd4 41. Kg5 Ke3 42. h4 1-0

[Event "East Lansing (Class DE/3/16)"]
[Site "?"]
[Date "1995.??.??"]
[Round "?"]
[White "Kenworthy, Mark"]
[Black "Gatesy, Matthew"]
[Result "1-0"]
[WhiteElo "1605"]
[BlackElo "1605"]
[PlyCount "91"]
[EventDate "1995.??.??"]

{3/(16)} 1. e4 e5 2. Nf3 Nc6 3. Bb5 a6 4. Bxc6 dxc6 5. Nxe5 Qd4 6. Ng4 Qxe4+ 7.
Ne3 Nf6 8. Nc3 Qe6 9. O-O Bc5 10. Re1 O-O 11. a3 Bd7 12. b4 Bd4 13. Bb2 Rae8
14. Na4 Bxb2 15. Nxb2 c5 16. bxc5 Bc6 17. Nec4 Qd5 18. f3 Qd4+ 19. Kf1 Rxe1+
20. Qxe1 Re8 21. Qf2 Qxf2+ 22. Kxf2 Nd5 23. Re1 Rxe1 24. Kxe1 b5 25. Ne3 Nf4
26. Kf2 g5 27. Nf5 Bd7 28. Ng3 f5 29. Nd1 Kg7 30. Ne2 Nxe2 31. Kxe2 f4 32. g3
h5 33. gxf4 gxf4 34. h4 Bc6 35. Nb2 Kf6 36. c4 b4 37. axb4 Ke5 38. Nd3+ Kf5 39.
Nc1 Ke5 40. Nb3 Ba4 41. d4+ Kf5 42. Na5 c6 43. Nb7 Bb3 44. Nd6+ Kf6 45. Kd3 Bd1
46. Ke4 1-0

[Event "East Lansing (Class DE/5/14)"]
[Site "?"]
[Date "1995.??.??"]
[Round "?"]
[White "Kenworthy, Mark"]
[Black "Crysler, Jerry"]
[Result "1-0"]
[WhiteElo "1605"]
[BlackElo "1605"]
[PlyCount "87"]
[EventDate "1995.??.??"]

{5/(14)} 1. e4 e5 2. Nf3 Nc6 3. Bb5 a6 4. Bxc6 dxc6 5. Nxe5 Nf6 6. d3 Bd6 7.
Nc4 Be7 8. O-O O-O 9. Bg5 h6 10. Bh4 Ng4 11. Bxe7 Qxe7 12. h3 Qg5 13. hxg4 Bxg4
14. f3 Bh3 15. Qe2 f5 16. Kh2 f4 17. gxh3 Qg3+ 18. Kh1 Qxh3+ 19. Kg1 Rf6 20.
Rf2 Raf8 21. Rh2 Rg6+ 22. Kh1 Qg3 23. Qf2 Qg5 24. Rg2 Qh4+ 25. Rh2 Qg5 26. Nbd2
b5 27. Na5 Rff6 28. Rg1 Qe5 29. Rxg6 Rxg6 30. d4 Qf6 31. c3 Rg5 32. Rg2 Rh5+
33. Kg1 Qe6 34. Ndb3 Qh3 35. Rh2 Rg5+ 36. Kh1 Qe6 37. Nc1 Rg3 38. Nab3 Qf7 39.
Ne2 Rg5 40. Qh4 g6 41. Qxh6 Rh5 42. Rxh5 gxh5 43. Qxf4 Qd7 44. Qg5+ 1-0

[Event "East Lansing (Beg/3/15)"]
[Site "?"]
[Date "1995.??.??"]
[Round "?"]
[White "Kenworthy, K."]
[Black "Walter, T."]
[Result "1-0"]
[WhiteElo "1605"]
[BlackElo "1605"]
[PlyCount "137"]
[EventDate "1995.??.??"]

{3/(15)} 1. d4 d5 2. Nc3 Nc6 3. Bf4 Nf6 4. Nb5 e5 5. Bxe5 Nxe5 6. dxe5 a6 7.
Nc3 d4 8. Na4 Bd7 9. Qxd4 Bxa4 10. Qxa4+ Qd7 11. Qb3 Qd5 12. Qe3 Qe4 13. exf6
Qxe3 14. fxe3 gxf6 15. Rd1 Bh6 16. e4 O-O 17. Nf3 Rad8 18. g4 Rxd1+ 19. Kxd1
Rd8+ 20. Ke1 Bg7 21. Rg1 f5 22. exf5 Bxb2 23. e4 Bd4 24. Nxd4 Rxd4 25. Bd3 Ra4
26. g5 Rxa2 27. Kd2 b5 28. g6 b4 29. gxh7+ Kxh7 30. f6 b3 31. e5+ Kh8 32. Ke3
b2 33. c3 Ra1 34. Rg2 b1=Q 35. Bxb1 Rxb1 36. e6 fxe6 37. f7 Rb8 38. Rf2 Kg7 39.
h4 Rf8 40. h5 Rxf7 41. Rg2+ Kh6 42. Rh2 Rf8 43. Ke4 Ra8 44. Ke5 a5 45. Kxe6 a4
46. Kd7 a3 47. Ra2 Ra7 48. Kc6 Kxh5 49. Kd7 c5+ 50. Kc6 c4 51. Kc5 Rc7+ 52. Kb6
Rh7 53. Rxa3 Rg7 54. Kb5 Rg4 55. Kc5 Kg5 56. Ra8 Kf5 57. Re8 Kf6 58. Kd5 Kf7
59. Re1 Kf6 60. Re5 Rg5 61. Rxg5 Kxg5 62. Kxc4 Kf6 63. Kd5 Ke7 64. c4 Kd8 65.
c5 Kc7 66. c6 Kb8 67. Kd6 Kc8 68. c7 Kb7 69. Kd7 1-0

[Event "East Lansing (Beg/1/4)"]
[Site "?"]
[Date "1995.??.??"]
[Round "?"]
[White "Kenworthy, K."]
[Black "Quander, M."]
[Result "0-1"]
[WhiteElo "1605"]
[BlackElo "1605"]
[PlyCount "88"]
[EventDate "1995.??.??"]

{1/(4)} 1. e4 e5 2. Nf3 Nc6 3. Nc3 Nf6 4. Bc4 Bc5 5. d3 O-O 6. Nh4 d6 7. O-O
Nxe4 8. Qg4 Bxg4 9. Nxe4 Qxh4 10. Ng5 Nd4 11. c3 Ne2+ 12. Kh1 Bxf2 13. Ne4 Be1
14. Be3 Rae8 15. Raxe1 Ng3+ 16. Nxg3 Kh8 17. d4 f5 18. dxe5 Rxe5 19. Bd4 Rxe1
20. Rxe1 f4 21. h3 Qxg3 22. Re7 Bxh3 23. Bd5 Bxg2+ 24. Bxg2 Qh4+ 25. Kg1 Qxe7
26. b4 f3 27. Bh3 Qe1+ 28. Bf1 f2+ 29. Kg2 Rf3 30. Kxf3 Qxf1 31. Bxf2 Qd1+ 32.
Kg2 Kg8 33. Bxa7 Kf7 34. a4 Kg6 35. b5 Qe1 36. Bf2 Qe2 37. a5 Kg5 38. a6 bxa6
39. bxa6 Qa2 40. a7 h5 41. Kh3 Kf4 42. c4 Kf3 43. Bd4 Qg2+ 44. Kh4 Qg4# 0-1

[Event "East Lansing (Beg/4/11)"]
[Site "?"]
[Date "1995.??.??"]
[Round "?"]
[White "Kenworthy, K."]
[Black "Abulhassan, A."]
[Result "0-1"]
[WhiteElo "1605"]
[BlackElo "1605"]
[PlyCount "29"]
[EventDate "1995.??.??"]

{4/(11)} 1. e4 d6 2. Nf3 Nd7 3. Bc4 Ngf6 4. Ng5 e6 5. d4 g6 6. e5 dxe5 7. dxe5
Nxe5 8. Bd3 Bg7 9. Bf4 Nxd3+ 10. cxd3 b6 11. Qc2 Nd5 12. Bg3 Qxg5 13. O-O Nb4
14. Qa4+ b5 15. Qxb4 {[Here Black castled illegally. 0-1, 57?]} 0-1

[Event "Eastpointe (MCO/6/10)"]
[Site "?"]
[Date "1995.??.??"]
[Round "?"]
[White "Kende, M."]
[Black "Walker, LeRoy"]
[Result "1/2-1/2"]
[WhiteElo "2045"]
[BlackElo "1900"]
[PlyCount "44"]
[EventDate "1995.??.??"]

{6/(10)} 1. e4 c5 2. Nc3 Nc6 3. Nge2 g6 4. d4 cxd4 5. Nxd4 Bg7 6. Nde2 Nf6 7.
g3 d6 8. Bg2 h5 9. h4 Bg4 10. Bf4 Nd7 11. O-O Nde5 12. f3 Be6 13. Bxe5 Nxe5 14.
Kh2 Qd7 15. Nf4 Bc4 16. Nd3 Bxd3 17. cxd3 Nc6 18. Bh3 Qd8 19. Qb3 Rb8 20. Ne2
O-O 21. Rac1 Na5 22. Qb4 Nc6 1/2-1/2

[Event "East Lansing (MI Op/3/19)"]
[Site "?"]
[Date "1995.??.??"]
[Round "?"]
[White "Kende, M."]
[Black "Turner, Keita"]
[Result "0-1"]
[WhiteElo "2015"]
[BlackElo "1900"]
[PlyCount "114"]
[EventDate "1995.??.??"]

{3/(19)} 1. e4 c5 2. Nc3 Nc6 3. Nge2 g6 4. g3 Bg7 5. Bg2 d6 6. O-O Nf6 7. d3
O-O 8. h3 Bd7 9. Be3 Qc8 10. Kh2 Rb8 11. Qd2 b5 12. Nd1 Be6 13. Nf4 Bd7 14. c3
Ne5 15. d4 Nc4 16. Qe2 Nxe3 17. Nxe3 cxd4 18. cxd4 Qb7 19. e5 Ne4 20. Qd3 Bf5
21. g4 Nc5 22. Qe2 Be4 23. f3 dxe5 24. dxe5 Bxe5 25. fxe4 g5 26. Nf5 Bxf4+ 27.
Kh1 e6 28. e5 Qc7 29. Nd6 Rfd8 30. Rfd1 Rb6 31. Nxb5 Rxd1+ 32. Rxd1 Qxe5 33.
Qxe5 Bxe5 34. Nxa7 Rxb2 35. Nc6 Bf4 36. Ra1 e5 37. Ne7+ Kg7 38. Nf5+ Kf6 39. a4
e4 40. a5 Ke5 41. Kg1 e3 42. Re1 Rb3 43. Bf1 Ke4 44. Bc4 Ra3 45. a6 Nxa6 46.
Bxf7 Be5 47. Bc4 Nb4 48. Be2 Nd3 49. Bxd3+ Rxd3 50. Kf1 Bc3 51. Rb1 Kf3 52.
Nxe3 Rxe3 53. Rc1 Re1+ 54. Rxe1 Bxe1 55. Kxe1 Kg3 56. Ke2 Kxh3 57. Kf3 Kh4 0-1

[Event "East Lansing (MI Op/7/16)"]
[Site "?"]
[Date "1995.??.??"]
[Round "?"]
[White "Kende, M."]
[Black "Sheridan, Gregory"]
[Result "1-0"]
[WhiteElo "2015"]
[BlackElo "1875"]
[PlyCount "35"]
[EventDate "1995.??.??"]

{7/(16)} 1. e4 d6 2. d4 Nf6 3. Nc3 g6 4. Be3 Bg7 5. f3 O-O 6. Bd3 Nbd7 7. Nge2
c6 8. a4 Qb6 9. a5 Qc7 10. O-O Re8 11. Qe1 e5 12. Qh4 exd4 13. Bxd4 Ne5 14. f4
Nxd3 15. cxd3 Ng4 16. Bxg7 Kxg7 17. f5 Qd7 18. Qxg4 1-0

[Event "Eastpointe (MCO/2/12)"]
[Site "?"]
[Date "1995.??.??"]
[Round "?"]
[White "Kende, M."]
[Black "Pope, Nick"]
[Result "1-0"]
[WhiteElo "2040"]
[BlackElo "1795"]
[PlyCount "127"]
[EventDate "1995.??.??"]

{2/(12)} 1. e4 d5 2. exd5 Qxd5 3. Nc3 Qa5 4. d4 Bf5 5. Nf3 Nf6 6. Bd3 Bxd3 7.
Qxd3 e6 8. Bd2 c6 9. Ne5 Qc7 10. O-O Bd6 11. f4 O-O 12. Rae1 Nbd7 13. Rf3 Rfe8
14. Rh3 Nf8 15. Ne4 Nxe4 16. Qxe4 c5 17. Rc3 Rac8 18. b4 b6 19. Be3 f6 20. Nd3
f5 21. Qf3 c4 22. Ne5 b5 23. a3 Nd7 24. Nxd7 Qxd7 25. Bf2 Bb8 26. Rce3 Kf7 27.
c3 g6 28. Bh4 Qd6 29. Rf1 Qd5 30. Qg3 Bd6 31. Qg5 Be7 32. Qh6 Kg8 33. Re5 Bf8
34. Rxd5 Bxh6 35. Rxb5 Bg7 36. Bf2 a6 37. Rb6 Ra8 38. Rc6 Kf7 39. Rxc4 Rec8 40.
Rxc8 Rxc8 41. Rc1 Rc4 42. Kf1 Ke7 43. Ke2 Kd6 44. Kd3 Kd5 45. Rb1 Rc6 46. a4
Rc7 47. b5 Ra7 48. b6 Rb7 49. a5 Bf6 50. Rb4 Kd6 51. Rc4 Kd7 52. Rb4 Be7 53.
Rb1 Bf6 54. c4 Be7 55. Be1 Bd6 56. g3 Kc6 57. Bb4 Bb8 58. Re1 Kd7 59. c5 Kc6
60. Rxe6+ Kd5 61. Re8 Kc6 62. Kc4 Kd7 63. Rh8 Bd6 64. cxd6 1-0

[Event "East Lansing (MI Op/5/26)"]
[Site "?"]
[Date "1995.??.??"]
[Round "?"]
[White "Kende, M."]
[Black "June, Brian"]
[Result "1-0"]
[WhiteElo "2015"]
[BlackElo "1800"]
[PlyCount "88"]
[EventDate "1995.??.??"]

{5/(26)} 1. e4 c5 2. Nf3 Nc6 3. d4 cxd4 4. Nxd4 d6 5. Be2 Nf6 6. Nc3 g6 7. O-O
Bg7 8. Nb3 Bd7 9. Be3 Rc8 10. h3 a6 11. Nd5 Nxd5 12. exd5 Ne5 13. Bd4 f6 14. f4
Nf7 15. Bg4 f5 16. Bxg7 Rg8 17. Qd4 fxg4 18. Rfe1 Bf5 19. Bf6 Rc7 20. hxg4 Bxg4
21. Qf2 Rf8 22. Bc3 h5 23. Ba5 Nh6 24. Qb6 Nf5 25. Qxc7 Qxc7 26. Bxc7 Kf7 27.
Ba5 Rc8 28. Bc3 Rc4 29. Nd2 Rxf4 30. Rf1 g5 31. Rxf4 gxf4 32. Rf1 Kg6 33. Rxf4
Kg5 34. Re4 h4 35. Kf2 Bd1 36. Nf3+ Kh5 37. Nd4 Nxd4 38. Bxd4 Bxc2 39. Rxe7 Bb1
40. a3 Ba2 41. Rxb7 Bxd5 42. Rb6 Kg4 43. Rxd6 h3 44. gxh3+ Kxh3 1-0

[Event "Troy (TCC/2/6)"]
[Site "?"]
[Date "1995.??.??"]
[Round "?"]
[White "Kende, M."]
[Black "Grossman, Jay"]
[Result "1/2-1/2"]
[WhiteElo "1990"]
[BlackElo "1905"]
[PlyCount "64"]
[EventDate "1995.??.??"]

{2/(6)} 1. d4 e6 2. Nf3 f5 3. Bf4 d5 4. e3 Nf6 5. Be2 Be7 6. Nbd2 O-O 7. Ne5
Nbd7 8. c4 c6 9. O-O Ne4 10. f3 Nxd2 11. Qxd2 Qe8 12. Nxd7 Bxd7 13. c5 Bf6 14.
Bd6 Be7 15. Bxe7 Qxe7 16. f4 Rf6 17. Rf3 Rh6 18. Qe1 Qh4 19. Qxh4 Rxh4 20. b4
Rh6 21. a4 Rf6 22. b5 Rff8 23. Rf2 Rfb8 24. Rb1 b6 25. Bd3 Kf8 26. Rfb2 Ke7 27.
bxc6 Bxc6 28. a5 Kd7 29. axb6 axb6 30. cxb6 Ra3 31. Rd2 Ba4 32. Bc2 Bc6 1/2-1/2